| 000 | 00825 a2200145 4500 | ||
|---|---|---|---|
| 999 |
_c4040 _d4040 |
||
| 020 | _a1779220189 | ||
| 050 | _aPR9390.8 WRI 2003 | ||
| 100 |
_aStaunton, Irene _eeditor |
||
| 245 |
_aWriting Still: _bNew stories from Zimbabwe/ _cIrene Staunton |
||
| 264 |
_aHarare _bWeaver Press _c2003 |
||
| 300 | _a254P. ; | ||
| 500 | _aNovel | ||
| 650 |
_aZimbabwean fiction (English) _xShort stories, Zimbabwean (English) |
||
| 942 |
_2lcc _cBK _h9390.8 _iWRI _kPR |
||